00000000nam 2200000za 4500
0019.676586
003CaOODSP
00520250611103636
007cr |||||||||||
008150407|2011||||xxc|||||o    f|0| 0 rus d
040 |aCaOODSP|bfre
043 |an-cn---
0861 |aA15-11511/2011Rus-PDF|zA15-11511/2011Ru-PDF
1101 |aCanada. |bAgriculture et agroalimentaire Canada.
24513|a[Le boeuf canadien : |h[ressource électronique]|ble meilleur, naturellement].
250 |a[Édition russe].
260 |aOttawa - Ontario : |bAgriculture et Agroalimentaire Canada |c[2011].
300 |a2p.
500 |aAussi publié en français sous le titre : Le boeuf canadien : le meilleur, naturellement.
546 |aTexte en russe.
590 |a13-10-Supp|b2013-04-13
69107|aIndustrie agro-alimentaire|2gcpds
77508|tLe boeuf canadien : |w(CaOODSP)9.639255
791 |t[Canadian beef : |eeng|w(CaOODSP)9.676585
85640|ahttp://publications.gc.ca|qPDF|s437 Ko|uhttps://publications.gc.ca/collections/collection_2013/aac-aafc/A15-11511-2011-rus.pdf